Statistiken für Präsidenten weltweit #1

Klicken Sie hier um das Quiz zu spielen!

Allgemein

  • Dieses Quiz wurde 83 mal gespielt
  • Das Durchschnittsergebnis liegt bei 6 aus 12

Antwortstatistiken

Antwort% Korrekt
Vladimir Putin
100%
Joe Biden
96%
Olaf Scholz
96%
Emmanuel Macron
91%
Recep Tayyip Erdoğan
87%
Justin Trudeau
48%
Xi Jinping
29%
Luiz Inácio Lula da Silva
27%
Pedro Sánchez
21%
Abd al-Fattah as-Sisi
7%
Andrés Manuel López Obrador
1%
Fusion Kishida
1%

Verteilung der Resultate

Perzentil nach korrekt beantworteten Fragen

Anzahl Personen mit jedem Resultat

Ihre Resultats-Entwicklung

Sie haben dieses Quiz noch nicht gespielt